• 首页
  • 本馆介绍
  • 公告通知
  • 最新文献
  • 馆藏检索
  • 电子资源
  • 读者导购
  • 参考咨询
  • 我的图书馆
  • 登录
  • 详细信息显示
  • 放入我的书架
  • 预约/预借图书
  • 作者相关作品
  • 分类相关作品
  • 丛书相关作品
  • 出版社相关作品

书目信息

  • 表格格式
  • 工作单格式
  • 卡片格式
题名:
水文气象与遥感
    
 
作者: 魏文秋 , 赵英林 编著
分册:  
出版信息: 武汉   湖北科学技术出版社  2000
页数: 177页
开本: 26cm
丛书名: 防洪技术培训丛书
单 册:
中图分类: P339
科图分类:
主题词: 水文气象学--基本知识 , 卫星遥感--应用--水文气象学
电子资源:
ISBN: 7-5352-2318-4
000 00779nam2 2200253 45
001 CAL 010020008637
005 20070729095917.85
010    @a7-5352-2318-4@dCNY22.00
100    @a20030227d2000 em y0chiy0121 ea
101 0  @achi
102    @aCN@b420000
105    @aak z 000yy
200 1  @a水文气象与遥感@Ashui wen qi xiang yu yao gan@f魏文秋, 赵英林编著
210    @a武汉@c湖北科学技术出版社@d2000
215    @a177页@c图@d26cm
225 2  @a防洪技术培训丛书@Afang hong ji shu pei xun cong shu
410  0 @12001 @a防洪技术培训丛书
606 0  @a水文气象学@x基本知识
606 0  @a卫星遥感@x应用@x水文气象学
690    @aP339@v4
701  0 @a魏文秋@Awei wen qiu@4编著
701  0 @a赵英林@Azhao ying lin@4编著
801  0 @aCN@bWHC@c20070729
905    @a10447@dP339@e97
    
    水文气象与遥感/魏文秋, 赵英林编著.-武汉:湖北科学技术出版社,2000
    177页:图;26cm.-(防洪技术培训丛书)
    
    
    ISBN 7-5352-2318-4:CNY22.00
    
●
相关链接 在E读中查询图书 在五车中查询图书 在当当中查询图书 在豆瓣中查询图书


正题名:水文气象与遥感     索取号:P339/97         预约/预借

序号 登录号 条形码 馆藏地/架位号 状态 备注
1 0784867   207848677   第三借阅区/ [索取号:P339/97] 在馆    
2 0785184   207851840   第二样本阅览室/ [索取号:P339/97] 在馆    
3 0785185   207851859   第三借阅区/ [索取号:P339/97] 在馆    
4 0785186   207851868   第三借阅区/ [索取号:P339/97] 在馆    
5 0785187   207851877   第三借阅区/ [索取号:P339/97] 在馆    
唐山师范学院图书馆 欢迎您!
大连网信软件有限公司© 版权所有